[Event "EYCC Open-U16 2019"]
[Site "Bratislava"]
[Date "2019.08.10"]
[Round "9.45"]
[White "Viczencz, Peter"]
[Black "Sanger, Jake M"]
[Result "1-0"]
[WhiteElo "2014"]
[BlackElo "1867"]
[Annotator "NA"]
[PlyCount "71"]
[EventDate "2019.08.02"]
[EventType "swiss"]
[EventCountry "SVK"]
[SourceTitle "playchess.com"]
[Source "ChessBase"]
[SourceQuality "1"]
[TimeControl "40/5400+30:1800+30"]

1. e3 {[%emt 0:00:00]} e6 {[%emt 0:00:00]} 2. c4 {[%emt 0:00:00]} d5 {[%emt 0:00:00]} 3. Nf3 {[%emt 0:00:10]} Nf6 {[%emt 0:00:00]} 4. cxd5 {[%emt 0:00:45]} exd5 {[%emt 0:00:03]} 5. d4 {[%emt 0:00:25]} Be7 {[%emt 0:00:36]} 6. Bd3 {[%emt 0:00:15]} O-O {[%emt 0:00:07]} 7. O-O {[%emt 0:00:46]} c6 {[%emt 0:00:06]} 8. Nbd2 {[%emt 0:00:37]} Nbd7 {[%emt 0:00:31]} 9. Qc2 {[%emt 0:00:48]} Re8 {[%emt 0:00:08]} 10. a3 {[%emt 0:01:17]} Nf8 {[%emt 0:00:21]} 11. b4 {[%emt 0:03:45]} a6 {[%emt 0:00:10]} 12. Bb2 {[%emt 0:01:52]} Ne6 {[%emt 0:01:09]} 13. Bc3 {[%emt 0:04:10]} g6 {[%emt 0:01:19]} 14. a4 {[%emt 0:03:02]} Ng7 {[%emt 0:00:33]} 15. b5 {[%emt 0:03:24]} cxb5 {[%emt 0:00:42]} 16. axb5 {[%emt 0:00:18]} a5 {[%emt 0:00:08]} 17. Ne5 {[%emt 0:06:23]} Bf5 {[%emt 0:02:02]} 18. f3 {[%emt 0:04:50]} Bxd3 {[%emt 0:01:04]} 19. Qxd3 {[%emt 0:04:25]} Bd6 {[%emt 0:01:45]} 20. Nb3 {[%emt 0:07:10]} b6 {[%emt 0:00:53]} 21. Nd2 {[%emt 0:06:39]} Nd7 {[%emt 0:07:11]} 22. Ng4 {[%emt 0:04:55]} Qh4 {[%emt 0:08:29]} 23. e4 {[%emt 0:07:00]} h5 {[%emt 0:02:49]} 24. Ne5 {[%emt 0:02:23]} Nxe5 {[%emt 0:06:59]} 25. dxe5 {[%emt 0:00:20]} Bc5+ {[%emt 0:07:53]} 26. Kh1 {[%emt 0:05:04]} d4 {[%emt 0:07:33]} 27. Bb2 {[%emt 0:00:07]} Rxe5 {[%emt 0:01:58]} 28. Nb3 {[%emt 0:01:46]} Rd8 {[%emt 0:09:35]} 29. Ra4 {[%emt 0:05:21]} f5 {[%emt 0:03:45]} 30. Nxd4 {[%emt 0:03:16]} Ne6 {[%emt 0:03:55]} 31. Qb3 {[%emt 0:00:43]} Bxd4 {[%emt 0:07:02]} 32. Bxd4 {[%emt 0:00:34]} Rxd4 {[%emt 0:00:36]} 33. Rxd4 {[%emt 0:00:10]} Kg7 {[%emt 0:00:25]} 34. Rd7+ {[%emt 0:00:59]} Kh6 {[%emt 0:00:47]} 35. Qc3 {[%emt 0:02:09]} Qf6 {[%emt 0:02:49]} 36. Rd5 {[%emt 0:00:39]} 1-0

[Event "EYCC Open-U16 2019"]
[Site "Bratislava"]
[Date "2019.08.10"]
[Round "9.46"]
[White "Martin Barcelo, Carles"]
[Black "Ampelakiotis, Stavros"]
[Result "1-0"]
[WhiteElo "2012"]
[BlackElo "2080"]
[Annotator "NA"]
[PlyCount "67"]
[EventDate "2019.08.02"]
[EventType "swiss"]
[EventCountry "SVK"]
[SourceTitle "playchess.com"]
[Source "ChessBase"]
[SourceQuality "1"]
[TimeControl "40/5400+30:1800+30"]

1. e4 {[%emt 0:00:00]} c5 {[%emt 0:00:00]} 2. Nf3 {[%emt 0:00:00]} e6 {[%emt 0:00:00]} 3. b3 {[%emt 0:00:00]} Nf6 {[%emt 0:00:00]} 4. e5 {[%emt 0:00:14]} Nd5 {[%emt 0:00:01]} 5. Bb2 {[%emt 0:00:23]} Nc6 {[%emt 0:00:06]} 6. g3 {[%emt 0:00:23]} b6 {[%emt 0:07:14]} 7. Bg2 {[%emt 0:04:07]} Bb7 {[%emt 0:00:06]} 8. O-O {[%emt 0:01:00]} Be7 {[%emt 0:01:14]} 9. c4 {[%emt 0:05:53]} Nc7 {[%emt 0:00:53]} 10. d4 {[%emt 0:01:54]} cxd4 {[%emt 0:00:44]} 11. Nxd4 {[%emt 0:00:30]} Qc8 {[%emt 0:02:52]} 12. Nb5 {[%emt 0:08:40]} O-O {[%emt 0:21:39]} 13. Ba3 {[%emt 0:12:40]} Nxb5 {[%emt 0:07:50]} 14. cxb5 {[%emt 0:04:47]} Nb4 {[%emt 0:03:05]} 15. Bxb7 {[%emt 0:03:19]} Qxb7 {[%emt 0:00:05]} 16. Qd2 {[%emt 0:01:58]} Nd5 {[%emt 0:05:51]} 17. Bxe7 {[%emt 0:01:21]} Nxe7 {[%emt 0:00:06]} 18. Na3 {[%emt 0:01:40]} Nf5 {[%emt 0:04:54]} 19. Nc4 {[%emt 0:04:01]} Rfd8 {[%emt 0:04:04]} 20. Rfd1 {[%emt 0:01:41]} h5 {[%emt 0:02:07]} 21. h4 {[%emt 0:03:47]} Rac8 {[%emt 0:03:50]} 22. Qg5 {[%emt 0:05:04]} g6 {[%emt 0:12:17]} 23. Rd3 {[%emt 0:02:01]} a6 {[%emt 0:08:14]} 24. a4 axb5 {[%emt 0:00:26]} 25. axb5 {[%emt 0:03:21]} Ra8 {[%emt 0:00:33]} 26. Rad1 {[%emt 0:03:07]} Qc7 {[%emt 0:05:38]} 27. g4 {[%emt 0:14:22]} hxg4 {[%emt 0:02:13]} 28. h5 {[%emt 0:00:44]} g3 {[%emt 0:03:05]} 29. hxg6 {[%emt 0:06:13]} Ra2 {[%emt 0:04:50]} 30. gxf7+ {[%emt 0:08:58]} Kxf7 {[%emt 0:00:06]} 31. Nd6+ {[%emt 0:01:08]} Kf8 {[%emt 0:00:55]} 32. Qf6+ {[%emt 0:01:03]} Kg8 {[%emt 0:00:06]} 33. Rxg3+ {[%emt 0:01:01]} Nxg3 {[%emt 0:00:31]} 34. Qg6+ {[%emt 0:00:10]} 1-0

[Event "EYCC Open-U16 2019"]
[Site "Bratislava"]
[Date "2019.08.10"]
[Round "9.47"]
[White "Akulov, Lev"]
[Black "Jirousek, Jan"]
[Result "1/2-1/2"]
[WhiteElo "2068"]
[BlackElo "1924"]
[Annotator "NA"]
[PlyCount "90"]
[EventDate "2019.08.02"]
[EventType "swiss"]
[EventCountry "SVK"]
[SourceTitle "playchess.com"]
[Source "ChessBase"]
[SourceQuality "1"]
[TimeControl "40/5400+30:1800+30"]

1. e4 {[%emt 0:00:00]} c6 {[%emt 0:00:00]} 2. d4 {[%emt 0:00:00]} d5 {[%emt 0:00:00]} 3. exd5 {[%emt 0:00:29]} cxd5 {[%emt 0:00:00]} 4. Bf4 {[%emt 0:00:46]} Nf6 {[%emt 0:01:12]} 5. c3 {[%emt 0:02:13]} Nc6 {[%emt 0:01:36]} 6. Bd3 {[%emt 0:02:51]} g6 {[%emt 0:00:52]} 7. h3 {[%emt 0:02:43]} Bg7 {[%emt 0:00:37]} 8. Nd2 {[%emt 0:08:38]} Bf5 {[%emt 0:05:38]} 9. Bxf5 {[%emt 0:07:44]} gxf5 {[%emt 0:00:02]} 10. Qb3 {[%emt 0:00:28]} Qd7 {[%emt 0:01:07]} 11. Ndf3 {[%emt 0:04:32]} Ne4 {[%emt 0:04:17]} 12. Ne5 {[%emt 0:08:15]} Nxe5 {[%emt 0:02:18]} 13. dxe5 {[%emt 0:00:20]} e6 {[%emt 0:04:55]} 14. Rd1 {[%emt 0:08:17]} Rc8 {[%emt 0:09:24]} 15. Nf3 {[%emt 0:03:15]} O-O {[%emt 0:08:28]} 16. O-O {[%emt 0:02:06]} Qc7 {[%emt 0:02:29]} 17. Bh2 {[%emt 0:03:51]} Kh8 {[%emt 0:02:46]} 18. Rfe1 {[%emt 0:07:51]} Rg8 {[%emt 0:03:11]} 19. Re2 {[%emt 0:03:01]} Bh6 {[%emt 0:07:42]} 20. Rd4 {[%emt 0:08:30]} Ng5 {[%emt 0:04:17]} 21. Nxg5 {[%emt 0:01:13]} Bxg5 {[%emt 0:00:37]} 22. Kh1 {[%emt 0:15:44]} Rg6 {[%emt 0:07:44]} 23. f4 {[%emt 0:04:46]} Be7 {[%emt 0:01:22]} 24. Rc2 {[%emt 0:00:16]} a6 {[%emt 0:04:32]} 25. a4 {[%emt 0:00:49]} Bc5 {[%emt 0:03:36]} 26. Rd3 {[%emt 0:00:10]} Ba7 {[%emt 0:02:29]} 27. Rcd2 {[%emt 0:02:20]} Rcg8 {[%emt 0:07:00]} 28. g3 {[%emt 0:01:41]} Qc6 {[%emt 0:01:55]} 29. Rg2 {[%emt 0:00:34]} Rh6 {[%emt 0:03:34]} 30. h4 {[%emt 0:00:21]} d4 {[%emt 0:01:52]} 31. cxd4 {[%emt 0:00:50]} Qe4 {[%emt 0:02:56]} 32. Qd1 {[%emt 0:00:47]} Rxh4 {[%emt 0:02:23]} 33. Qe2 {[%emt 0:00:15]} Qxe2 {[%emt 0:01:14]} 34. Rxe2 {[%emt 0:00:01]} Rhg4 {[%emt 0:02:08]} 35. Kg2 {[%emt 0:00:45]} Rxf4 {[%emt 0:01:14]} 36. d5 {[%emt 0:00:45]} exd5 {[%emt 0:00:28]} 37. Rxd5 {[%emt 0:00:07]} Rxa4 {[%emt 0:00:58]} 38. Rd7 {[%emt 0:00:02]} Rb4 {[%emt 0:01:04]} 39. Rxf7 {[%emt 0:00:02]} Re4 {[%emt 0:00:55]} 40. Rxe4 {[%emt 0:00:00]} fxe4 {[%emt 0:00:00]} 41. Rxb7 {[%emt 0:11:30]} Bd4 {[%emt 0:02:57]} 42. e6 {[%emt 0:00:57]} Re8 {[%emt 0:11:54]} 43. Rb4 {[%emt 0:00:51]} Bf6 {[%emt 0:00:36]} 44. Rxe4 {[%emt 0:01:56]} Bxb2 {[%emt 0:00:32]} 45. Bg1 {[%emt 0:02:56]} Kg7 {[%emt 0:03:32]} 1/2-1/2

[Event "EYCC Open-U16 2019"]
[Site "Bratislava"]
[Date "2019.08.10"]
[Round "9.48"]
[White "Barak, David"]
[Black "Antal, Jakub"]
[Result "1-0"]
[WhiteElo "2015"]
[BlackElo "1963"]
[Annotator "NA"]
[PlyCount "45"]
[EventDate "2019.08.02"]
[EventType "swiss"]
[EventCountry "SVK"]
[SourceTitle "playchess.com"]
[Source "ChessBase"]
[SourceQuality "1"]
[TimeControl "40/5400+30:1800+30"]

1. d4 {[%emt 0:00:00]} Nf6 {[%emt 0:00:00]} 2. c4 {[%emt 0:00:00]} c5 {[%emt 0:00:00]} 3. d5 {[%emt 0:00:00]} b5 {[%emt 0:00:04]} 4. cxb5 {[%emt 0:00:00]} a6 {[%emt 0:00:32]} 5. bxa6 {[%emt 0:00:00]} g6 {[%emt 0:01:07]} 6. Nc3 {[%emt 0:00:00]} Bxa6 {[%emt 0:00:13]} 7. e4 {[%emt 0:00:02]} Bxf1 {[%emt 0:00:12]} 8. Kxf1 {[%emt 0:00:04]} d6 {[%emt 0:00:35]} 9. Nf3 {[%emt 0:00:07]} Bg7 {[%emt 0:01:51]} 10. g3 {[%emt 0:00:11]} O-O {[%emt 0:00:31]} 11. Kg2 {[%emt 0:00:04]} Nbd7 {[%emt 0:00:42]} 12. a4 {[%emt 0:00:22]} Ra6 {[%emt 0:18:32]} 13. Qc2 {[%emt 0:20:06]} Qa8 {[%emt 0:02:58]} 14. Ra3 {[%emt 0:20:54]} e6 {[%emt 0:31:16]} 15. Nb5 {[%emt 0:23:15]} Rc8 {[%emt 0:10:08]} 16. dxe6 {[%emt 0:06:24]} fxe6 {[%emt 0:00:07]} 17. Re1 {[%emt 0:00:19]} d5 {[%emt 0:09:44]} 18. exd5 {[%emt 0:01:47]} Nxd5 {[%emt 0:07:56]} 19. Kg1 {[%emt 0:04:03]} e5 {[%emt 0:02:38]} 20. Qe4 {[%emt 0:05:29]} N7f6 {[%emt 0:07:55]} 21. Qc4 {[%emt 0:02:49]} e4 {[%emt 0:01:30]} 22. Ng5 {[%emt 0:01:22]} Re8 {[%emt 0:01:20]} 23. Nc7 {[%emt 0:01:53]} 1-0